| 000 | 00995nam2a2200229 4500 | ||
|---|---|---|---|
| 001 | rc\3012760 | ||
| 005 | 20260315064227.0 | ||
| 035 | _a(NLR Aleph) 007155175 | ||
| 090 |
_a13617483 _c13617483 |
||
| 100 | _a20110924d1940 u y0rusy50 ca | ||
| 101 | 0 | _arus | |
| 102 | _aRU | ||
| 105 | _ay z ||||| | ||
| 200 | 1 | _aВоспитательная работа на уроках истории в начальной школе | |
| 210 | _d1940 | ||
| 461 | 0 |
_1001rc\3012759 _12001#$aВ помощь учителю$e№ 1-$fГос. науч.-исслед. ин-т школ НКП РСФСР. Бюро заоч. консультации$v№ 1 _97192309 _cМосква _d1940 _fГос. науч.-исслед. ин-т школ НКП РСФСР. Бюро заоч. консультации _nБ. и. _o№ 1- _tВ помощь учителю _v№ 1 |
|
| 700 | 1 |
_aРуднева _bЕ.И. |
|
| 801 | 0 |
_aRU _bNLR _gpsbo |
|
| 801 | 1 |
_aRU _bELAR _2rusmarc |
|
| 852 |
_aNLR _j40-11/310(1) |
||
| 942 | _cUNSPEC | ||
| 980 | _aNB | ||